000 00359 a2200109 4500
001 ART_60103
005 20260410162052.0
008 260409a
245 1 0 _aLos trust del exterior desde la perspectiva de los tributos nacionales. Primera parte
100 1 _aMastandrea, Alberto F.
773 0 _tImpuestos
_g- N° 162 (dic. 2023)
_wREV45175
999 _c35903
_d35903